East-Central Europe : A Geographical introduction to seven socialist states
Đã lưu trong:
| Príomhúdar: | |
|---|---|
| Formáid: | Leabhar |
| Teanga: | Undetermined |
| Foilsithe: |
London
Chatto & Windus
1967
|
| Ábhair: | |
| Clibeanna: |
Cuir Clib Leis
Gan Chlibeanna, Bí ar an gcéad duine leis an taifead seo a chlibeáil!
|
| Thư viện lưu trữ: | Trung tâm Học liệu Trường Đại học Cần Thơ |
|---|
| LEADER | 00569nam a2200205Ia 4500 | ||
|---|---|---|---|
| 001 | CTU_82455 | ||
| 008 | 210402s9999 xx 000 0 und d | ||
| 082 | |a 914 | ||
| 082 | |b O.81 | ||
| 100 | |a Osborne, R. H. | ||
| 245 | 0 | |a East-Central Europe : | |
| 245 | 2 | |b A Geographical introduction to seven socialist states | |
| 245 | 0 | |c R. H. Osborne | |
| 260 | |a London | ||
| 260 | |b Chatto & Windus | ||
| 260 | |c 1967 | ||
| 650 | |a Europe, eastern | ||
| 650 | |x Economic conditions | ||
| 904 | |i Mai Loan,Hải | ||
| 980 | |a Trung tâm Học liệu Trường Đại học Cần Thơ | ||